| 000 | 00496nam a22001697a 4500 | ||
|---|---|---|---|
| 005 | 20251201095528.0 | ||
| 008 | 251201b |||||||| |||| 00| 0 eng d | ||
| 020 | _a978-93-86235-59-6 | ||
| 050 | _aRJ 50 .S56 2018 | ||
| 100 | _aSINGH USHA RANI | ||
| 245 |
_aPEDIATRIC EXAMINATION _bA CLINICAL HANDBOOK |
||
| 260 |
_aINDIA _bUNIVERSITIES PRESS |
||
| 300 | _aX,251 | ||
| 500 | _aINCLUDES AN INDEX | ||
| 650 | _aPhysical diagnosis-handbook manuals pediatrichandbook manuals | ||
| 942 |
_2lcc _cBK |
||
| 999 |
_c216314 _d216314 |
||